[Event "Let's Play Chess!"]
[Site "http://www.queenalice.com/game.php?id=352794"]
[Date "2008.2.11"]
[Round "-"]
[White "diamondsking"]
[Black "faustino"]
[Result "0-1"]
[WhiteElo "1473"]
[BlackElo "1646"]

1. c4 e6 2. Nh3 Qh4 3. g3 Qxc4 4. Nc3 Bb4 5. Bg2 Nf6 6. a3 Bxc3 7. dxc3 Ng4 8.
O-O Nc6 9. e3 Nce5 10. b3 Qxc3 11. Ra2 h5 12. Bb2 Qc5 13. Bd4 Qb5 14. a4 Qa5 15.
b4 Qxb4 16. Qa1 f6 17. Be4 f5 18. Bxe5 Nxe5 19. Qxe5 Rg8 20. Rb1 Qc4 21. Rc2
Qxa4 22. Bxf5 g6 23. Bxg6+ Rxg6 24. Qxh5 Qxc2 25. Qh8+ Ke7 26. Ra1 Rf6 27. Qg7+
Rf7 28. Qg5+ Kf8 29. Qe5 d6 30. Qh8+ Ke7 31. Qh4+ Ke8 32. Ng5 Qxf2+ 33. Kh1 Rf5
34. Qh5+ Kd7 35. g4 Re5 36. Qh7+ Kc6 37. Rc1+ Rc5 38. Rxc5+ dxc5 39. Qe4+ Kb6
40. Qc4 Qxe3 41. Ne4 Qf3+ 42. Kg1 Qxg4+ 43. Kf2 Qh4+ 44. Ke3 c6 45. Qxc5+ Kc7
46. Kd4 e5+ 47. Qxe5+ Kd7 48. Qd6+ Ke8 49. Qe5+ Kd8 50. Kc5 b6+ 51. Kxc6 Bd7+
52. Kb7 Rc8 53. Nf6 Qc4 54. Qd6 Qc7+ 55. Qxc7+ Rxc7+ 56. Kb8 b5 57. Nd5 Rc5 58.
Nb4 a5 59. Na6 Rc6 60. Kb7 a4 61. h4 a3 62. Nb4 Rc4 63. Nd5 a2 64. Nb6 a1=Q 65.
Nxc4 bxc4 66. h5 c3 67. h6 c2 68. h7 c1=Q 69. h8=Q+ Qxh8 70. Kb6 Qhb2+ 71. Ka6
Qca1# 0-1

[Event "Challenge"]
[Site "http://www.queenalice.com/game.php?id=354772"]
[Date "2008.2.15"]
[Round "-"]
[White "diamondsking"]
[Black "pjanderson"]
[Result "1-0"]
[WhiteElo "1400"]
[BlackElo "1105"]

1. c4 g6 2. e3 Bg7 3. d4 Nc6 4. b3 d6 5. Nh3 Bxh3 6. gxh3 Nf6 7. Bd3 Nb4 8. Bd2
Nxd3+ 9. Kf1 Ne4 10. Be1 Nb2 11. Qc2 Nxc4 12. Qxc4 d5 13. Qa4+ c6 14. Nc3 b5 15.
Qb4 a5 16. Qa3 b4 17. Qa4 bxc3 18. Bxc3 Nxc3 19. Qxc6+ Kf8 20. Qxc3 Rc8 21. Qd3
h5 22. Ke2 h4 23. Rhc1 f5 24. Rxc8 Qxc8 25. Qd2 Qe6 26. a3 f4 27. Qxa5 Bxd4 28.
Rd1 Qe5 29. Rxd4 f3+ 30. Kxf3 Qf5+ 31. Rf4 1-0

[Event "Challenge"]
[Site "http://www.queenalice.com/game.php?id=354779"]
[Date "2008.2.15"]
[Round "-"]
[White "Gera"]
[Black "diamondsking"]
[Result "0-1"]
[WhiteElo "1840"]
[BlackElo "1400"]

1. Nc3 d5 2. d4 Bd7 3. Nxd5 e6 4. Nc3 Bc6 5. e4 f5 6. e5 g6 7. Bc4 Bxg2 8. Bxe6
Ne7 9. Bg5 Bxh1 10. Bf6 Rg8 11. Bxg8 Nd7 12. Bh4 c6 13. Qe2 Bh6 14. f3 Qa5 15.
Be6 b5 16. h3 b4 17. Nd1 b3+ 18. Nc3 bxc2 19. Qxc2 Qb4 20. a3 Qxd4 21. Rd1 Qxg1+
22. Ke2 Qe3+ 23. Kf1 Qxf3+ 24. Qf2 Qxf2+ 25. Bxf2 Rd8 26. Bxa7 Nxe5 27. Rxd8+
Kxd8 28. Bb6+ Ke8 29. Kg1 Bd5 30. Nxd5 Nxd5 31. Bc5 Nc7 32. Bb3 Nd3 33. Bd4 Nb5
34. Bf6 Be3+ 35. Kg2 g5 36. Bc2 Ne1+ 0-1

[Event "Challenge"]
[Site "http://www.queenalice.com/game.php?id=357621"]
[Date "2008.2.20"]
[Round "-"]
[White "diamondsking"]
[Black "Mars"]
[Result "0-1"]
[WhiteElo "1447"]
[BlackElo "1412"]

1. f4 d5 2. Nf3 e6 3. c3 Bc5 4. b4 Bb6 5. Ba3 Nf6 6. Ne5 Ne4 7. e3 Qe7 8. b5 Bc5
9. Bxc5 Nxc5 10. d4 Ne4 11. Nd2 Qh4+ 12. Ke2 Nxc3+ 13. Kf3 Nxd1 14. Rxd1 Qh5+
15. Ng4 O-O 16. g3 e5 17. h3 Bxg4+ 18. hxg4 Qxh1+ 19. Kf2 c5 20. dxc5 Qh2+ 21.
Bg2 Qh6 22. Bxd5 Nd7 23. Ne4 Qh2+ 24. Kf3 Rac8 25. c6 bxc6 26. bxc6 Nf6 27.
Nxf6+ gxf6 28. fxe5 fxe5 29. a4 Kg7 30. g5 Qh5+ 31. g4 Qh3+ 32. Kf2 Qh4+ 33. Kg2
Qxg4+ 34. Kf2 Qxd1 35. g6 fxg6+ 36. Bf3 Qxf3+ 37. Kg1 Rxc6 0-1

[Event "Challenge"]
[Site "http://www.queenalice.com/game.php?id=358788"]
[Date "2008.2.22"]
[Round "-"]
[White "diamondsking"]
[Black "Strapasson"]
[Result "1-0"]
[WhiteElo "1447"]
[BlackElo "993"]

1. f4 g6 2. c3 b6 3. d4 Nf6 4. e3 Bg7 5. Qf3 d5 6. Bc4 Bb7 7. Bb5+ Nc6 8. Ne2 e6
9. Bd3 Ke7 10. b4 Re8 11. Ba3 Kd7 12. Nd2 Nh5 13. g4 Qh4+ 14. Ng3 Nf6 15. h3
Rad8 16. O-O-O Kc8 17. Qf2 h5 18. Nf3 Nxg4 19. hxg4 Qxg4 20. Rh4 f5 21. Rxg4
hxg4 22. Ng5 Bf6 23. Nf7 Rd7 24. Ne5 Bh4 25. Nxd7 Kxd7 26. Bb5 a5 27. Bxc6+ Bxc6
28. Rh1 Rh8 29. Qg1 Ba4 30. Nf1 g5 31. Rh2 gxf4 32. Qh1 g3 33. Rxh4 g2 34. Qxg2
Rxh4 35. Qg7+ Kd6 36. b5+ c5 37. dxc5+ bxc5 38. Qf8+ Ke5 39. Qb8+ Ke4 40. Nd2+
Kxe3 41. Bxc5+ Kd3 42. Qb6 e5 43. Nf3 Rh1+ 44. Bg1 d4 45. cxd4 e4 46. d5 Ke2 47.
Qf2+ Kd3 48. Qd4+ Ke2 49. Ne5 e3 50. Qd3+ Ke1 51. Nf3# 1-0

[Event "Challenge"]
[Site "http://www.queenalice.com/game.php?id=359078"]
[Date "2008.2.22"]
[Round "-"]
[White "diamondsking"]
[Black "Gera"]
[Result "0-1"]
[WhiteElo "1426"]
[BlackElo "1884"]

1. f4 d5 2. e3 e6 3. g3 Ne7 4. c4 c6 5. Qa4 Bd7 6. Qb4 Qc7 7. cxd5 Nxd5 8. Qe4
Bd6 9. Qd4 O-O 10. b4 Nxb4 11. Bb2 f6 12. Bd3 e5 13. Qe4 f5 14. Bc4+ Kh8 15. Qf3
Nc2+ 16. Kf1 Nxa1 17. Bxa1 e4 18. Qh5 Be8 19. Qg5 Bg6 20. Qh6 Rf7 21. Nh3 Kg8
22. Ng5 gxh6 23. Bxf7+ Bxf7 24. Nh3 Nd7 25. Kf2 Nb6 26. Rg1 Bh5 27. Be5 Bxe5 28.
fxe5 Qxe5 29. Nf4 Bf3 30. Nc3 Rd8 31. h3 Nc4 32. g4 Kh8 33. gxf5 Rxd2+ 34. Ke1
Qxc3 35. Ng6+ hxg6 36. Rxg6 Rg2+ 37. Kf1 Qc1# 0-1

[Event "Challenge?"]
[Site "http://www.queenalice.com/game.php?id=365114"]
[Date "2008.3.4"]
[Round "-"]
[White "diamondsking"]
[Black "cJw314"]
[Result "0-1"]
[WhiteElo "1476"]
[BlackElo "1425"]

1. f4 Nf6 2. g3 d5 3. e3 g6 4. c3 Bg7 5. a4 Bf5 6. Na3 Nc6 7. Bb5 O-O 8. Bxc6
bxc6 9. h4 h5 10. Qb3 c5 11. d4 c4 12. Qb5 Ne4 13. Ne2 e6 14. Rb1 Nxg3 15. Nxg3
Bf6 16. Kf2 Bxb1 17. Nxb1 Bxh4 18. b3 Rb8 19. Qc5 Bxg3+ 20. Kxg3 g5 21. Rxh5
gxf4+ 22. exf4 Rxb3 23. Nd2 Rxc3+ 24. Kg4 f5+ 25. Rxf5 exf5+ 26. Kh5 Rh3+ 27.
Kg6 Qf6# 0-1

[Event "Challenge"]
[Site "http://www.queenalice.com/game.php?id=368344"]
[Date "2008.3.9"]
[Round "-"]
[White "diamondsking"]
[Black "Dream_Attack"]
[Result "1-0"]
[WhiteElo "1486"]
[BlackElo "1111"]

1. f4 d5 2. d4 Nc6 3. c3 Nf6 4. e3 Ne4 5. Nd2 f5 6. Nxe4 fxe4 7. g3 Be6 8. b4 h5
9. b5 Na5 10. Bd2 b6 11. Be2 Bf7 12. g4 g6 13. gxh5 gxh5 14. h4 Qd7 15. a4 O-O-O
16. Nh3 Bh6 17. Ng5 Rdf8 18. Bf1 e6 19. Bh3 Nc4 20. Ra2 Bg6 21. Nxe6 Kb8 22.
Nxf8 Qf7 23. Nd7+ Kb7 24. Ne5 Nxe5 25. dxe5 Bf5 26. Bc1 Rg8 27. Bxf5 Qxf5 28.
Qxd5+ Kb8 29. Qxg8+ Qc8 30. Qd5 Bf8 31. Ba3 Bxa3 32. Rxa3 Qb7 33. Qxb7+ Kxb7 34.
Rg1 1-0

[Event "Challenge"]
[Site "http://www.queenalice.com/game.php?id=368683"]
[Date "2008.3.10"]
[Round "-"]
[White "jokerchess"]
[Black "diamondsking"]
[Result "1-0"]
[WhiteElo "1323"]
[BlackElo "1487"]

1. e4 d5 2. f3 dxe4 3. fxe4 Qd4 4. Qf3 f5 5. exf5 Qe5+ 6. Ne2 Bxf5 7. d3 Qa5+ 8.
Bd2 Qb6 9. Qxf5 Qxb2 10. Bc3 Qxc2 11. Qc8+ Kf7 12. Qxb7 Nd7 13. Qxa8 Qxd3 14.
Qxa7 e6 15. Qxc7 Nf6 16. Bd4 Bb4+ 17. Nbc3 Re8 18. Rd1 Bxc3+ 19. Nxc3 Qf5 20.
Bd3 Qg5 21. O-O Re7 22. Qf4 Qxf4 23. Rxf4 h6 24. Ne4 h5 25. Rdf1 e5 26. Bc4+ Kf8
27. Nxf6 Nxf6 28. Bc5 exf4 29. Bxe7+ Kxe7 30. Rxf4 g5 31. Rf5 g4 32. a4 h4 33.
a5 Ne4 34. Re5+ 1-0

[Event "Rematch? : )"]
[Site "http://www.queenalice.com/game.php?id=369110"]
[Date "2008.3.11"]
[Round "-"]
[White "cJw314"]
[Black "diamondsking"]
[Result "0-1"]
[WhiteElo "1452"]
[BlackElo "1452"]

1. e4 d5 2. exd5 Qxd5 3. Nc3 Qe6+ 4. Be2 Qc6 5. d4 Qxg2 6. Bf3 Qg6 7. Nd5 Na6 8.
Nh3 Bxh3 9. Bf4 Qe6+ 10. Be5 f6 11. Nxc7+ Nxc7 12. Bxb7 Rd8 13. c3 fxe5 14. Qa4+
Rd7 15. Bc6 exd4+ 16. Kd2 dxc3+ 17. Kxc3 Nd5+ 18. Kc2 Bf5+ 19. Kc1 Qh6+ 20. Kd1
Nc3+ 21. Ke1 Nxa4 22. Bxd7+ Kxd7 23. Rd1+ Ke8 24. Rd4 Qe6+ 25. Kd2 Nxb2 26. Re1
Nc4+ 27. Kd1 Qc6 28. Kc1 e5 29. f4 Qa4 30. Re2 Ba3+ 31. Rb2 Bxb2# 0-1

[Event "Re re challenge =D"]
[Site "http://www.queenalice.com/game.php?id=372457"]
[Date "2008.3.17"]
[Round "-"]
[White "cJw314"]
[Black "diamondsking"]
[Result "0-1"]
[WhiteElo "1452"]
[BlackElo "1420"]

1. e4 d5 2. d4 dxe4 3. Nc3 f5 4. Bf4 Nc6 5. Nb5 e5 6. dxe5 Rb8 7. e6 Bb4+ 8. c3
Ba5 9. Qxd8+ Nxd8 10. Bxc7 Bxc7 11. Nxc7+ Ke7 12. O-O-O Nxe6 13. Nd5+ Kf7 14.
Bc4 Ne7 15. Nxe7 Kxe7 16. Ne2 Bd7 17. Nd4 Nxd4 18. Rxd4 b5 19. Bb3 Rhd8 20. Rhd1
g5 21. g3 h5 22. h4 gxh4 23. gxh4 a5 24. Rf1 b4 25. f3 e3 26. Re1 bxc3 27. Rxe3+
Kf8 28. Rxc3 a4 29. Bxa4 Bxa4 30. Rxa4 Ra8 31. Rxa8 Rxa8 32. a3 Ra4 33. b4 Kf7
34. Kb2 Kf6 35. f4 Ke6 36. Kb3 Ra6 37. Rc5 Rd6 38. Re5+ Kf6 39. a4 Rd3+ 40. Kc4
Rf3 41. Rd5 Rxf4+ 42. Rd4 Ke5 43. Rxf4 Kxf4 44. b5 Kg4 45. b6 Kxh4 46. b7 Kg4
47. b8=Q f4 48. Kc3 h4 49. Qg8+ Kf3 50. Kd4 h3 51. Qe6 h2 52. Qe4+ Kg3 53. Qd3+
f3 54. Ke4 h1=Q 55. Qd6+ Kg2 56. Qd2+ f2 57. Ke3 Qe1+ 58. Kd3 Qxd2+ 59. Kxd2
f1=Q 60. a5 Qa1 0-1

[Event "Again?"]
[Site "http://www.queenalice.com/game.php?id=388598"]
[Date "2008.4.16"]
[Round "-"]
[White "diamondsking"]
[Black "cJw314"]
[Result "1-0"]
[WhiteElo "1445"]
[BlackElo "1461"]

1. f4 d6 2. Nf3 Nc6 3. d4 Bf5 4. Bd2 g6 5. d5 Bg7 6. Qc1 Nd4 7. Nxd4 Bxd4 8. e3
Bf6 9. Bc3 Qd7 10. b3 O-O-O 11. Qd1 e6 12. Qe2 exd5 13. Bxf6 Nxf6 14. Nc3 Ne4
15. Nxe4 Bxe4 16. h3 Qc6 17. Rc1 Qc3+ 18. Qd2 Qb2 19. a4 Kb8 20. Rd1 Rhe8 21.
Bd3 Bxd3 22. Qxd3 Qf6 23. O-O h5 24. Qxd5 c6 25. Qa5 Rxe3 26. Rd4 Qxd4 27. Qxd8#
1-0

[Event "Challenge"]
[Site "http://www.queenalice.com/game.php?id=697286"]
[Date "2009.12.13"]
[Round "-"]
[White "IvanL"]
[Black "diamondsking"]
[Result "0-1"]
[WhiteElo "1275"]
[BlackElo "1496"]

1. d4 c5 2. dxc5 Qa5+ 3. Bd2 Qxc5 4. a3 e5 5. Bb4 Qb6 6. e4 Bxb4+ 7. axb4 Qxb4+
8. c3 Qxe4+ 9. Ne2 Qg6 10. Qb3 Ne7 11. Ra5 Qxb1+ 12. Qd1 Qxb2 13. Rxe5 Qa3 14.
Nf4 Qxc3+ 15. Qd2 Qxe5+ 16. Be2 Qf5 17. O-O b6 18. Re1 Bb7 19. Rc1 Nbc6 20. Rd1
Ne5 21. Bb5 Rd8 22. g3 Nf3+ 23. Kg2 Nxd2+ 24. f3 Bxf3+ 25. Kf2 Bxd1 26. Ke3 Nf1+
27. Bxf1 Rc8 28. Be2 Bxe2 29. Kxe2 Rc2+ 30. Kf3 g5 31. g4 Qxf4# 0-1